[Event "Kaido Kulaots 50 Rapid Tournament 2026"]
[Site "Parnu, EE"]
[Date "2026.02.28"]
[Round "4"]
[White "Blokhin, Sofia"]
[Black "Volodin, Aleksandr"]
[Result "1/2-1/2"]
[Board "1"]
[WhiteFideId "4508190"]
[BlackFideId "4501950"]
[WhiteTitle "WFM"]
[BlackTitle "GM"]
[WhiteElo "2013"]
[BlackElo "2431"]
[WhiteTeam "EST"]
[BlackTeam "EST"]
[WhiteClock "0:00:38"]
[BlackClock "0:00:10"]
[Variant "Standard"]

1. c4 {[%clk 0:10:09]}  e6 {[%clk 0:10:06]} 2. d4 {[%clk 0:10:12]}  d5 {[%clk 0:10:09]} 3. Nc3 {[%clk 0:10:15]}  Be7 {[%clk 0:09:56]} 4. Nf3 {[%clk 0:10:12]}  Nf6 {[%clk 0:09:51]} 5. e3 {[%clk 0:10:08]}  O-O {[%clk 0:09:25]} 6. b3 {[%clk 0:10:06]}  c5 {[%clk 0:09:22]} 7. cxd5 {[%clk 0:09:56]}  exd5 {[%clk 0:09:23]} 8. dxc5 {[%clk 0:09:25]}  Bxc5 {[%clk 0:09:20]} 9. Bb2 {[%clk 0:08:56]}  Nc6 {[%clk 0:07:00]} 10. Be2 {[%clk 0:07:36]}  d4 {[%clk 0:06:14]} 11. exd4 {[%clk 0:07:31]}  Nxd4 {[%clk 0:06:18]} 12. Nxd4 {[%clk 0:07:11]}  Bxd4 {[%clk 0:06:21]} 13. O-O {[%clk 0:07:02]}  Be6 {[%clk 0:04:54]} 14. Rc1 {[%clk 0:06:09]}  Rc8 {[%clk 0:04:09]} 15. Bf3 {[%clk 0:05:38]}  b6 {[%clk 0:02:32]} 16. h3 {[%clk 0:05:25]}  Qd7 {[%clk 0:01:59]} 17. Rc2 {[%clk 0:03:53]}  Be5 {[%clk 0:01:04]} 18. Rd2 {[%clk 0:03:09]}  Qe7 {[%clk 0:01:07]} 19. Na4 {[%clk 0:02:18]}  Bb8 {[%clk 0:01:07]} 20. Re1 {[%clk 0:02:10]}  Rfd8 {[%clk 0:01:11]} 21. Ree2 {[%clk 0:01:34]}  Rxd2 {[%clk 0:00:58]} 22. Rxd2 {[%clk 0:01:19]}  Qc7 {[%clk 0:01:01]} 23. g3 {[%clk 0:01:12]}  Bxh3 {[%clk 0:00:38]} 24. Nc3 {[%clk 0:01:00]}  Be6 {[%clk 0:00:35]} 25. Nb5 {[%clk 0:00:44]}  Qe7 {[%clk 0:00:39]} 26. Nd4 {[%clk 0:00:38]}  Bd7 {[%clk 0:00:32]} 27. Nc2 {[%clk 0:00:26]}  Be8 {[%clk 0:00:20]} 28. Ne3 {[%clk 0:00:26]}  h6 {[%clk 0:00:07]} 29. Nf5 {[%clk 0:00:28]}  Qe6 {[%clk 0:00:12]} 30. Nd4 {[%clk 0:00:28]}  Qe7 {[%clk 0:00:07]} 31. Nf5 {[%clk 0:00:30]}  Qe6 {[%clk 0:00:08]} 32. Nd4 {[%clk 0:00:34]}  Qe7 {[%clk 0:00:08]} 33. Nf5 {[%clk 0:00:38]}  Qe6 {[%clk 0:00:10]} 1/2-1/2

[Event "Kaido Kulaots 50 Rapid Tournament 2026"]
[Site "Parnu, EE"]
[Date "2026.02.28"]
[Round "4"]
[White "Seeman, Tarvo"]
[Black "Rychagov, Nikita"]
[Result "0-1"]
[Board "2"]
[WhiteFideId "4500547"]
[BlackFideId "4508394"]
[WhiteTitle "IM"]
[BlackTitle "CM"]
[WhiteElo "2313"]
[BlackElo "2309"]
[WhiteTeam "EST"]
[BlackTeam "EST"]
[WhiteClock "0:00:11"]
[BlackClock "0:02:38"]
[Variant "Standard"]

1. Nf3 {[%clk 0:09:55]}  d5 {[%clk 0:10:09]} 2. g3 {[%clk 0:09:58]}  c5 {[%clk 0:10:12]} 3. Bg2 {[%clk 0:10:01]}  Nf6 {[%clk 0:10:15]} 4. O-O {[%clk 0:09:59]}  g6 {[%clk 0:10:18]} 5. d3 {[%clk 0:09:04]}  Bg7 {[%clk 0:10:21]} 6. Nbd2 {[%clk 0:09:07]}  O-O {[%clk 0:10:22]} 7. e4 {[%clk 0:09:11]}  Nc6 {[%clk 0:10:20]} 8. c3 {[%clk 0:09:14]}  e5 {[%clk 0:10:08]} 9. Re1 {[%clk 0:09:14]}  d4 {[%clk 0:10:11]} 10. Nc4 {[%clk 0:09:15]}  Qc7 {[%clk 0:10:15]} 11. a4 {[%clk 0:09:14]}  Bg4 {[%clk 0:10:15]} 12. cxd4 {[%clk 0:09:12]}  Bxf3 {[%clk 0:10:12]} 13. Bxf3 {[%clk 0:09:09]}  Nxd4 {[%clk 0:10:16]} 14. Bg2 {[%clk 0:08:21]}  Rad8 {[%clk 0:09:45]} 15. a5 {[%clk 0:07:43]}  Nd7 {[%clk 0:09:24]} 16. Bg5 {[%clk 0:07:05]}  Bf6 {[%clk 0:09:19]} 17. Bh6 {[%clk 0:06:55]}  Bg7 {[%clk 0:09:16]} 18. Bg5 {[%clk 0:06:58]}  Bf6 {[%clk 0:09:08]} 19. Bd2 {[%clk 0:06:56]}  Nb8 {[%clk 0:09:00]} 20. Ne3 {[%clk 0:06:54]}  Nbc6 {[%clk 0:08:23]} 21. Nd5 {[%clk 0:06:55]}  Qd6 {[%clk 0:08:28]} 22. h4 {[%clk 0:05:55]}  Bg7 {[%clk 0:08:21]} 23. a6 {[%clk 0:03:42]}  b6 {[%clk 0:08:15]} 24. h5 {[%clk 0:03:13]}  Ne7 {[%clk 0:08:09]} 25. hxg6 {[%clk 0:02:16]}  hxg6 {[%clk 0:08:08]} 26. Bc3 {[%clk 0:01:57]}  Nxd5 {[%clk 0:07:55]} 27. exd5 {[%clk 0:02:00]}  Nb5 {[%clk 0:06:31]} 28. Qa4 {[%clk 0:01:13]}  Nc7 {[%clk 0:06:35]} 29. Qc6 {[%clk 0:01:17]}  Rfe8 {[%clk 0:05:15]} 30. Qb7 {[%clk 0:00:35]}  Rd7 {[%clk 0:04:40]} 31. Qc6 {[%clk 0:00:37]}  Nxd5 {[%clk 0:04:19]} 32. Qxd6 {[%clk 0:00:30]}  Rxd6 {[%clk 0:04:23]} 33. Rad1 {[%clk 0:00:15]}  Rdd8 {[%clk 0:03:37]} 34. f4 {[%clk 0:00:13]}  Nxc3 {[%clk 0:03:28]} 35. bxc3 {[%clk 0:00:17]}  exf4 {[%clk 0:03:32]} 36. Rxe8+ {[%clk 0:00:17]}  Rxe8 {[%clk 0:03:36]} 37. d4 {[%clk 0:00:16]}  fxg3 {[%clk 0:03:07]} 38. dxc5 {[%clk 0:00:16]}  bxc5 {[%clk 0:03:10]} 39. Rd7 {[%clk 0:00:16]}  Bxc3 {[%clk 0:03:01]} 40. Bd5 {[%clk 0:00:20]}  Re2 {[%clk 0:02:31]} 41. Rxa7 {[%clk 0:00:17]}  Bd4+ {[%clk 0:02:35]} 42. Kh1 {[%clk 0:00:11]}  Rh2# {[%clk 0:02:38]} 0-1

[Event "Kaido Kulaots 50 Rapid Tournament 2026"]
[Site "Parnu, EE"]
[Date "2026.02.28"]
[Round "4"]
[White "Shvyrjov, Igor"]
[Black "Bondarenko, Dmitry"]
[Result "1-0"]
[Board "3"]
[WhiteFideId "4500490"]
[BlackFideId "34105708"]
[WhiteTitle "GM"]
[WhiteElo "2202"]
[BlackElo "1996"]
[WhiteTeam "EST"]
[BlackTeam "EST"]
[WhiteClock "0:01:24"]
[BlackClock "0:00:15"]
[Variant "Standard"]

1. Nf3 {[%clk 0:10:09]}  c6 {[%clk 0:10:10]} 2. d4 {[%clk 0:10:07]}  d5 {[%clk 0:10:14]} 3. g3 {[%clk 0:10:06]}  Nf6 {[%clk 0:10:14]} 4. Bg2 {[%clk 0:10:09]}  Bg4 {[%clk 0:10:14]} 5. O-O {[%clk 0:10:12]}  Bxf3 {[%clk 0:10:09]} 6. Bxf3 {[%clk 0:10:14]}  e6 {[%clk 0:10:09]} 7. Nd2 {[%clk 0:10:04]}  h5 {[%clk 0:08:57]} 8. e4 {[%clk 0:09:58]}  h4 {[%clk 0:08:57]} 9. Re1 {[%clk 0:09:51]}  Be7 {[%clk 0:08:45]} 10. c4 {[%clk 0:09:26]}  dxe4 {[%clk 0:07:24]} 11. Nxe4 {[%clk 0:09:29]}  Nbd7 {[%clk 0:05:35]} 12. Nc3 {[%clk 0:09:21]}  hxg3 {[%clk 0:05:13]} 13. hxg3 {[%clk 0:09:24]}  Qa5 {[%clk 0:04:21]} 14. d5 {[%clk 0:08:15]}  Kf8 {[%clk 0:03:26]} 15. Qe2 {[%clk 0:06:06]}  e5 {[%clk 0:03:05]} 16. dxc6 {[%clk 0:06:02]}  bxc6 {[%clk 0:03:08]} 17. Bxc6 {[%clk 0:05:09]}  Rc8 {[%clk 0:03:08]} 18. Bxd7 {[%clk 0:05:08]}  Nxd7 {[%clk 0:03:05]} 19. Nd5 {[%clk 0:05:07]}  Bb4 {[%clk 0:02:33]} 20. Nxb4 {[%clk 0:04:54]}  Qxb4 {[%clk 0:02:36]} 21. b3 {[%clk 0:04:54]}  Re8 {[%clk 0:00:53]} 22. Bb2 {[%clk 0:03:58]}  Qd6 {[%clk 0:00:37]} 23. Kg2 {[%clk 0:03:21]}  Re6 {[%clk 0:00:24]} 24. Rad1 {[%clk 0:03:18]}  Qc6+ {[%clk 0:00:20]} 25. Qe4 {[%clk 0:03:09]}  Qc8 {[%clk 0:00:25]} 26. Rh1 {[%clk 0:02:37]}  Reh6 {[%clk 0:00:26]} 27. Rxh6 {[%clk 0:02:31]}  Rxh6 {[%clk 0:00:30]} 28. Qd5 {[%clk 0:02:13]}  Ke8 {[%clk 0:00:07]} 29. Bc1 {[%clk 0:01:39]}  Rh5 {[%clk 0:00:09]} 30. Rh1 {[%clk 0:01:19]}  Rxh1 {[%clk 0:00:12]} 31. Kxh1 {[%clk 0:01:24]}  Qa6 {[%clk 0:00:06]} 32. a4 {[%clk 0:01:20]}  Qf6 {[%clk 0:00:08]} 33. Qa8+ {[%clk 0:01:18]}  Ke7 {[%clk 0:00:12]} 34. Ba3+ {[%clk 0:01:21]}  Ke6 {[%clk 0:00:15]} 35. Qd5+ {[%clk 0:01:23]}  Kf5 {[%clk 0:00:18]} 36. Qxd7+ {[%clk 0:01:26]}  Kg6 {[%clk 0:00:15]} 37. Qd6 {[%clk 0:01:24]} 1-0

[Event "Kaido Kulaots 50 Rapid Tournament 2026"]
[Site "Parnu, EE"]
[Date "2026.02.28"]
[Round "5"]
[White "Volodin, Aleksandr"]
[Black "Shvyrjov, Igor"]
[Result "1/2-1/2"]
[Board "1"]
[WhiteFideId "4501950"]
[BlackFideId "4500490"]
[WhiteTitle "GM"]
[BlackTitle "GM"]
[WhiteElo "2431"]
[BlackElo "2202"]
[WhiteTeam "EST"]
[BlackTeam "EST"]
[WhiteClock "0:00:23"]
[BlackClock "0:02:22"]
[Variant "Standard"]

1. d4 {[%clk 0:10:07]}  d6 {[%clk 0:10:09]} 2. Nf3 {[%clk 0:09:57]}  Bg4 {[%clk 0:10:11]} 3. Nbd2 {[%clk 0:09:35]}  Nf6 {[%clk 0:10:11]} 4. h3 {[%clk 0:09:31]}  Bf5 {[%clk 0:09:18]} 5. g3 {[%clk 0:08:53]}  c6 {[%clk 0:09:08]} 6. Bg2 {[%clk 0:08:57]}  h6 {[%clk 0:08:57]} 7. O-O {[%clk 0:08:10]}  d5 {[%clk 0:08:52]} 8. c4 {[%clk 0:05:38]}  e6 {[%clk 0:08:55]} 9. a3 {[%clk 0:04:48]}  Nbd7 {[%clk 0:08:47]} 10. b3 {[%clk 0:04:23]}  Be7 {[%clk 0:08:49]} 11. Bb2 {[%clk 0:04:27]}  Ne4 {[%clk 0:08:40]} 12. Ne1 {[%clk 0:03:56]}  Nxd2 {[%clk 0:08:23]} 13. Qxd2 {[%clk 0:04:00]}  O-O {[%clk 0:08:18]} 14. Nd3 {[%clk 0:03:28]}  a5 {[%clk 0:06:44]} 15. Qc3 {[%clk 0:03:13]}  Re8 {[%clk 0:06:27]} 16. Rfe1 {[%clk 0:03:08]}  Bf6 {[%clk 0:06:25]} 17. Ne5 {[%clk 0:02:49]}  Nxe5 {[%clk 0:05:24]} 18. dxe5 {[%clk 0:02:53]}  Be7 {[%clk 0:05:28]} 19. Rac1 {[%clk 0:02:37]}  Qb6 {[%clk 0:04:18]} 20. c5 {[%clk 0:01:45]}  Qa7 {[%clk 0:04:06]} 21. Qe3 {[%clk 0:01:47]}  Reb8 {[%clk 0:02:34]} 22. Bd4 {[%clk 0:01:50]}  Bd8 {[%clk 0:02:35]} 23. Red1 {[%clk 0:01:19]}  b6 {[%clk 0:02:35]} 24. b4 {[%clk 0:00:56]}  axb4 {[%clk 0:02:31]} 25. axb4 {[%clk 0:00:55]}  b5 {[%clk 0:02:18]} 26. Ra1 {[%clk 0:00:59]}  Qb7 {[%clk 0:02:23]} 27. g4 {[%clk 0:00:40]}  Bc2 {[%clk 0:02:22]} 28. Rdc1 {[%clk 0:00:41]}  Rxa1 {[%clk 0:02:17]} 29. Rxa1 {[%clk 0:00:45]}  Ra8 {[%clk 0:02:18]} 30. Qc1 {[%clk 0:00:44]}  Rxa1 {[%clk 0:01:36]} 31. Qxa1 {[%clk 0:00:48]}  Bg5 {[%clk 0:01:25]} 32. e3 {[%clk 0:00:48]}  Bd8 {[%clk 0:01:12]} 33. Kh2 {[%clk 0:00:30]}  Bc7 {[%clk 0:01:12]} 34. f4 {[%clk 0:00:24]}  Bg6 {[%clk 0:01:02]} 35. Kg3 {[%clk 0:00:27]}  Bd8 {[%clk 0:01:02]} 36. Bf3 {[%clk 0:00:29]}  Qe7 {[%clk 0:01:04]} 37. Bc3 {[%clk 0:00:18]}  Qh4+ {[%clk 0:01:00]} 38. Kg2 {[%clk 0:00:23]}  Qe7 {[%clk 0:01:04]} 39. Qa8 {[%clk 0:00:21]}  Qd7 {[%clk 0:01:08]} 40. Kg3 {[%clk 0:00:15]}  Kh7 {[%clk 0:01:12]} 41. Bd4 {[%clk 0:00:10]}  Be4 {[%clk 0:01:06]} 42. Bxe4+ {[%clk 0:00:11]}  dxe4 {[%clk 0:01:10]} 43. Qa2 {[%clk 0:00:08]}  Qd5 {[%clk 0:01:06]} 44. Qxd5 {[%clk 0:00:10]}  exd5 {[%clk 0:01:10]} 45. f5 {[%clk 0:00:12]}  Bc7 {[%clk 0:01:12]} 46. Kg2 {[%clk 0:00:09]}  g6 {[%clk 0:01:15]} 47. Kf2 {[%clk 0:00:01]}  g5 {[%clk 0:01:04]} 48. Kg2 {[%clk 0:00:08]}  Kg8 {[%clk 0:01:08]} 49. Kf2 {[%clk 0:00:11]}  Kh7 {[%clk 0:01:13]} 50. Kg2 {[%clk 0:00:14]}  Kg8 {[%clk 0:01:17]} 51. h4 {[%clk 0:00:16]}  Kf8 {[%clk 0:01:10]} 52. Kh3 {[%clk 0:00:19]}  Kg8 {[%clk 0:01:14]} 53. Ba1 {[%clk 0:00:14]}  Bb8 {[%clk 0:01:18]} 54. Bc3 {[%clk 0:00:16]}  Bc7 {[%clk 0:01:22]} 55. Bd4 {[%clk 0:00:18]}  Kf8 {[%clk 0:01:26]} 56. h5 {[%clk 0:00:16]}  Kg8 {[%clk 0:01:29]} 57. Kg2 {[%clk 0:00:16]}  Kf8 {[%clk 0:01:33]} 58. Kf2 {[%clk 0:00:20]}  Bd8 {[%clk 0:01:35]} 59. Ke2 {[%clk 0:00:18]}  Bc7 {[%clk 0:01:39]} 60. Kd2 {[%clk 0:00:22]}  Bb8 {[%clk 0:01:42]} 61. Bc3 {[%clk 0:00:20]}  Bc7 {[%clk 0:01:46]} 62. Kc2 {[%clk 0:00:19]}  Ke7 {[%clk 0:01:48]} 63. Bd4 {[%clk 0:00:18]}  Bb8 {[%clk 0:01:47]} 64. Kd2 {[%clk 0:00:21]}  Bc7 {[%clk 0:01:51]} 65. Ke2 {[%clk 0:00:25]}  Bd8 {[%clk 0:01:55]} 66. Bc3 {[%clk 0:00:23]}  Bc7 {[%clk 0:02:00]} 67. Kf1 {[%clk 0:00:22]}  Bb8 {[%clk 0:02:04]} 68. Kg2 {[%clk 0:00:22]}  Bc7 {[%clk 0:02:09]} 69. Bd4 {[%clk 0:00:20]}  Bb8 {[%clk 0:02:14]} 70. Kf2 {[%clk 0:00:20]}  Bc7 {[%clk 0:02:18]} 71. Ke2 {[%clk 0:00:24]}  Bb8 {[%clk 0:02:23]} 72. Bc3 {[%clk 0:00:20]}  Bc7 {[%clk 0:02:27]} 73. Bd4 {[%clk 0:00:23]}  Bb8 {[%clk 0:02:22]} 1/2-1/2

[Event "Kaido Kulaots 50 Rapid Tournament 2026"]
[Site "Parnu, EE"]
[Date "2026.02.28"]
[Round "5"]
[White "Rychagov, Nikita"]
[Black "Blokhin, Sofia"]
[Result "1/2-1/2"]
[Board "2"]
[WhiteFideId "4508394"]
[BlackFideId "4508190"]
[WhiteTitle "CM"]
[BlackTitle "WFM"]
[WhiteElo "2309"]
[BlackElo "2013"]
[WhiteTeam "EST"]
[BlackTeam "EST"]
[WhiteClock "0:00:30"]
[BlackClock "0:00:46"]
[Variant "Standard"]

1. e4 {[%clk 0:10:08]}  c5 {[%clk 0:10:09]} 2. Nf3 {[%clk 0:10:12]}  d6 {[%clk 0:10:12]} 3. d4 {[%clk 0:10:15]}  cxd4 {[%clk 0:10:16]} 4. Nxd4 {[%clk 0:10:19]}  Nf6 {[%clk 0:10:20]} 5. Nc3 {[%clk 0:10:24]}  g6 {[%clk 0:10:23]} 6. Be3 {[%clk 0:10:26]}  Bg7 {[%clk 0:10:27]} 7. f3 {[%clk 0:10:28]}  O-O {[%clk 0:10:29]} 8. Qd2 {[%clk 0:10:32]}  Nc6 {[%clk 0:10:33]} 9. O-O-O {[%clk 0:10:36]}  d5 {[%clk 0:10:36]} 10. exd5 {[%clk 0:10:39]}  Nxd5 {[%clk 0:10:39]} 11. Nxc6 {[%clk 0:10:42]}  bxc6 {[%clk 0:10:43]} 12. Bd4 {[%clk 0:10:47]}  Nxc3 {[%clk 0:10:45]} 13. Qxc3 {[%clk 0:10:46]}  Bxd4 {[%clk 0:10:41]} 14. Rxd4 {[%clk 0:10:39]}  Qb6 {[%clk 0:10:11]} 15. h4 {[%clk 0:10:26]}  Be6 {[%clk 0:08:09]} 16. h5 {[%clk 0:09:56]}  Rfd8 {[%clk 0:06:32]} 17. Rxd8+ {[%clk 0:09:37]}  Rxd8 {[%clk 0:06:33]} 18. hxg6 {[%clk 0:09:24]}  fxg6 {[%clk 0:06:31]} 19. Bc4 {[%clk 0:08:27]}  Bxc4 {[%clk 0:05:46]} 20. Qxc4+ {[%clk 0:08:31]}  Kg7 {[%clk 0:05:39]} 21. Re1 {[%clk 0:08:18]}  e5 {[%clk 0:04:55]} 22. Qc3 {[%clk 0:07:13]}  Qd4 {[%clk 0:00:53]} 23. Qxd4 {[%clk 0:07:16]}  exd4 {[%clk 0:00:48]} 24. Re7+ {[%clk 0:07:20]}  Kh6 {[%clk 0:00:51]} 25. Rxa7 {[%clk 0:07:23]}  Rd5 {[%clk 0:00:45]} 26. Re7 {[%clk 0:06:30]}  c5 {[%clk 0:00:42]} 27. b3 {[%clk 0:06:08]}  c4 {[%clk 0:00:38]} 28. bxc4 {[%clk 0:06:11]}  Rc5 {[%clk 0:00:41]} 29. Kd2 {[%clk 0:05:31]}  Rxc4 {[%clk 0:00:44]} 30. Rd7 {[%clk 0:03:51]}  Ra4 {[%clk 0:00:39]} 31. Kd3 {[%clk 0:03:50]}  Rxa2 {[%clk 0:00:39]} 32. Rxd4 {[%clk 0:03:52]}  Kg5 {[%clk 0:00:40]} 33. g3 {[%clk 0:02:56]}  Kf5 {[%clk 0:00:35]} 34. Rd5+ {[%clk 0:02:13]}  Ke6 {[%clk 0:00:38]} 35. Rb5 {[%clk 0:02:14]}  Ra1 {[%clk 0:00:30]} 36. Ke4 {[%clk 0:01:54]}  Ra4+ {[%clk 0:00:30]} 37. Kd3 {[%clk 0:01:50]}  Ra1 {[%clk 0:00:34]} 38. Rc5 {[%clk 0:01:33]}  Kd6 {[%clk 0:00:32]} 39. Rc8 {[%clk 0:01:36]}  Rg1 {[%clk 0:00:26]} 40. g4 {[%clk 0:01:38]}  Rg3 {[%clk 0:00:25]} 41. Ke4 {[%clk 0:01:41]}  Rg1 {[%clk 0:00:27]} 42. Rh8 {[%clk 0:01:33]}  Rh1 {[%clk 0:00:28]} 43. g5 {[%clk 0:01:26]}  Rh4+ {[%clk 0:00:27]} 44. f4 {[%clk 0:01:29]}  Rh2 {[%clk 0:00:26]} 45. Rc8 {[%clk 0:01:07]}  Re2+ {[%clk 0:00:28]} 46. Kf3 {[%clk 0:01:09]}  Re7 {[%clk 0:00:26]} 47. Rc4 {[%clk 0:00:54]}  Kd5 {[%clk 0:00:29]} 48. Ra4 {[%clk 0:00:53]}  Rc7 {[%clk 0:00:27]} 49. Ra2 {[%clk 0:00:38]}  Kd4 {[%clk 0:00:27]} 50. Kg4 {[%clk 0:00:28]}  Kc3 {[%clk 0:00:28]} 51. Kg3 {[%clk 0:00:24]}  Rd7 {[%clk 0:00:27]} 52. Kf3 {[%clk 0:00:20]}  Rc7 {[%clk 0:00:31]} 53. Ke4 {[%clk 0:00:23]}  Re7+ {[%clk 0:00:26]} 54. Kd5 {[%clk 0:00:25]}  Rf7 {[%clk 0:00:24]} 55. Ke4 {[%clk 0:00:23]}  Re7+ {[%clk 0:00:26]} 56. Kf3 {[%clk 0:00:28]}  Rc7 {[%clk 0:00:23]} 57. f5 {[%clk 0:01:00]}  gxf5 {[%clk 0:00:25]} 58. Kf4 {[%clk 0:01:04]}  Rf7 {[%clk 0:00:18]} 59. Ra6 {[%clk 0:01:02]}  Kxc2 {[%clk 0:00:19]} 60. Rf6 {[%clk 0:01:06]}  Rg7 {[%clk 0:00:20]} 61. Kxf5 {[%clk 0:00:45]}  Kd3 {[%clk 0:00:21]} 62. Re6 {[%clk 0:00:49]}  Kd4 {[%clk 0:00:22]} 63. Kg4 {[%clk 0:00:42]}  Kd5 {[%clk 0:00:24]} 64. Ra6 {[%clk 0:00:46]}  Ke5 {[%clk 0:00:28]} 65. Kh5 {[%clk 0:00:50]}  Kf4 {[%clk 0:00:22]} 66. Rf6+ {[%clk 0:00:53]}  Ke5 {[%clk 0:00:26]} 67. Rf1 {[%clk 0:00:34]}  Ke6 {[%clk 0:00:26]} 68. Rf6+ {[%clk 0:00:33]}  Ke5 {[%clk 0:00:29]} 69. Ra6 {[%clk 0:00:33]}  Kf4 {[%clk 0:00:31]} 70. Kh6 {[%clk 0:00:36]}  Re7 {[%clk 0:00:27]} 71. Ra5 {[%clk 0:00:15]}  Rd7 {[%clk 0:00:28]} 72. Rb5 {[%clk 0:00:19]}  Re7 {[%clk 0:00:32]} 73. Rb8 {[%clk 0:00:10]}  Re6+ {[%clk 0:00:33]} 74. Kh5 {[%clk 0:00:10]}  Re7 {[%clk 0:00:31]} 75. Ra8 {[%clk 0:00:09]}  Rd7 {[%clk 0:00:33]} 76. Rf8+ {[%clk 0:00:12]}  Ke5 {[%clk 0:00:35]} 77. Kh6 {[%clk 0:00:15]}  Re7 {[%clk 0:00:37]} 78. Rh8 {[%clk 0:00:16]}  Kf5 {[%clk 0:00:39]} 79. Rf8+ {[%clk 0:00:12]}  Ke5 {[%clk 0:00:36]} 80. Rf1 {[%clk 0:00:09]}  Rd7 {[%clk 0:00:39]} 81. Rf2 {[%clk 0:00:12]}  Rc7 {[%clk 0:00:42]} 82. Rf8 {[%clk 0:00:10]}  Rd7 {[%clk 0:00:44]} 83. Ra8 {[%clk 0:00:10]}  Kf4 {[%clk 0:00:46]} 84. Rf8+ {[%clk 0:00:07]}  Ke5 {[%clk 0:00:49]} 85. Kh5 {[%clk 0:00:10]}  Rc7 {[%clk 0:00:52]} 86. Rf6 {[%clk 0:00:11]}  Rb7 {[%clk 0:00:48]} 87. Ra6 {[%clk 0:00:09]}  Rc7 {[%clk 0:00:47]} 88. Ra5+ {[%clk 0:00:12]}  Kf4 {[%clk 0:00:50]} 89. Kh6 {[%clk 0:00:14]}  Rb7 {[%clk 0:00:51]} 90. Ra6 {[%clk 0:00:15]}  Rc7 {[%clk 0:00:50]} 91. Rf6+ {[%clk 0:00:18]}  Ke5 {[%clk 0:00:53]} 92. Rf2 {[%clk 0:00:22]}  Rb7 {[%clk 0:00:55]} 93. Re2+ {[%clk 0:00:11]}  Kf4 {[%clk 0:00:56]} 94. Rf2+ {[%clk 0:00:15]}  Ke5 {[%clk 0:00:59]} 95. Kh5 {[%clk 0:00:11]}  Rc7 {[%clk 0:01:02]} 96. Rf6 {[%clk 0:00:14]}  Rb7 {[%clk 0:01:04]} 97. Rh6 {[%clk 0:00:18]}  Rc7 {[%clk 0:01:02]} 98. Ra6 {[%clk 0:00:21]}  Rb7 {[%clk 0:01:01]} 99. Ra8 {[%clk 0:00:24]}  Rc7 {[%clk 0:01:00]} 100. Rh8 {[%clk 0:00:27]}  Kf4 {[%clk 0:00:56]} 101. Rg8 {[%clk 0:00:28]}  Rb7 {[%clk 0:00:56]} 102. Kh6 {[%clk 0:00:29]}  Rc7 {[%clk 0:00:53]} 103. Rh8 {[%clk 0:00:28]}  Rc6+ {[%clk 0:00:44]} 104. Kh5 {[%clk 0:00:28]}  Rc7 {[%clk 0:00:47]} 105. g6 {[%clk 0:00:28]}  hxg6+ {[%clk 0:00:50]} 106. Kxg6 {[%clk 0:00:30]}  Ke5 {[%clk 0:00:46]} 1/2-1/2

[Event "Kaido Kulaots 50 Rapid Tournament 2026"]
[Site "Parnu, EE"]
[Date "2026.02.28"]
[Round "5"]
[White "Dubrovin, Robert"]
[Black "Shishkov, Andrei"]
[Result "0-1"]
[Board "3"]
[WhiteFideId "4501829"]
[BlackFideId "4500563"]
[BlackTitle "IM"]
[WhiteElo "2231"]
[BlackElo "2308"]
[WhiteTeam "EST"]
[BlackTeam "EST"]
[WhiteClock "0:00:09"]
[BlackClock "0:00:27"]
[Variant "Standard"]

1. d4 {[%clk 0:10:09]}  Nf6 {[%clk 0:10:09]} 2. c4 {[%clk 0:10:08]}  e6 {[%clk 0:10:09]} 3. Nc3 {[%clk 0:10:17]}  Bb4 {[%clk 0:10:18]} 4. e3 {[%clk 0:10:21]}  O-O {[%clk 0:10:22]} 5. Bd3 {[%clk 0:10:25]}  c5 {[%clk 0:10:25]} 6. Nf3 {[%clk 0:10:28]}  b6 {[%clk 0:10:15]} 7. O-O {[%clk 0:10:26]}  Bb7 {[%clk 0:10:19]} 8. Bd2 {[%clk 0:10:34]}  cxd4 {[%clk 0:09:59]} 9. exd4 {[%clk 0:10:38]}  d5 {[%clk 0:10:01]} 10. cxd5 {[%clk 0:10:34]}  Nxd5 {[%clk 0:10:00]} 11. Re1 {[%clk 0:10:34]}  Nd7 {[%clk 0:09:17]} 12. Qe2 {[%clk 0:09:39]}  Re8 {[%clk 0:08:23]} 13. Rac1 {[%clk 0:09:20]}  Nxc3 {[%clk 0:08:15]} 14. bxc3 {[%clk 0:09:14]}  Ba3 {[%clk 0:07:48]} 15. Rcd1 {[%clk 0:09:13]}  Rc8 {[%clk 0:07:11]} 16. c4 {[%clk 0:07:55]}  Bd6 {[%clk 0:06:29]} 17. Ng5 {[%clk 0:06:52]}  Nf6 {[%clk 0:06:13]} 18. Bc3 {[%clk 0:06:21]}  h6 {[%clk 0:05:38]} 19. Nf3 {[%clk 0:06:25]}  Qc7 {[%clk 0:04:59]} 20. Ne5 {[%clk 0:05:53]}  Nd7 {[%clk 0:03:52]} 21. f4 {[%clk 0:04:27]}  Nf8 {[%clk 0:03:51]} 22. Rf1 {[%clk 0:03:44]}  f6 {[%clk 0:03:30]} 23. Ng6 {[%clk 0:03:48]}  Qf7 {[%clk 0:02:59]} 24. Nh4 {[%clk 0:03:37]}  Qc7 {[%clk 0:02:51]} 25. Qf2 {[%clk 0:03:11]}  Re7 {[%clk 0:02:38]} 26. Bb2 {[%clk 0:03:11]}  Ba6 {[%clk 0:02:21]} 27. Rc1 {[%clk 0:03:14]}  Qd8 {[%clk 0:02:09]} 28. Rfd1 {[%clk 0:02:29]}  Rd7 {[%clk 0:02:02]} 29. g3 {[%clk 0:02:17]}  Rdc7 {[%clk 0:01:37]} 30. Qe2 {[%clk 0:02:21]}  Re7 {[%clk 0:01:23]} 31. Qf2 {[%clk 0:02:12]}  Bb7 {[%clk 0:01:07]} 32. f5 {[%clk 0:02:05]}  e5 {[%clk 0:01:03]} 33. Ng6 {[%clk 0:01:40]}  Nxg6 {[%clk 0:01:04]} 34. fxg6 {[%clk 0:01:44]}  e4 {[%clk 0:01:03]} 35. Bf1 {[%clk 0:01:46]}  e3 {[%clk 0:01:06]} 36. Qe2 {[%clk 0:01:39]}  Qe8 {[%clk 0:01:07]} 37. Bh3 {[%clk 0:01:30]}  Qxg6 {[%clk 0:01:04]} 38. d5 {[%clk 0:00:49]}  Rce8 {[%clk 0:01:02]} 39. Rf1 {[%clk 0:00:53]}  Bc8 {[%clk 0:01:03]} 40. Bxc8 {[%clk 0:00:41]}  Rxc8 {[%clk 0:01:07]} 41. Rf3 {[%clk 0:00:45]}  Rce8 {[%clk 0:01:07]} 42. Re1 {[%clk 0:00:50]}  Bc5 {[%clk 0:01:09]} 43. Kg2 {[%clk 0:00:52]}  Qe4 {[%clk 0:01:13]} 44. Kg1 {[%clk 0:00:53]}  Rc7 {[%clk 0:01:13]} 45. Rf4 {[%clk 0:00:57]}  Qe7 {[%clk 0:01:08]} 46. Bd4 {[%clk 0:00:59]}  Bxd4 {[%clk 0:01:10]} 47. Rxd4 {[%clk 0:01:04]}  Qe5 {[%clk 0:01:09]} 48. Rd3 {[%clk 0:00:47]}  Rxc4 {[%clk 0:01:07]} 49. d6 {[%clk 0:00:36]}  Re4 {[%clk 0:01:02]} 50. d7 {[%clk 0:00:26]}  Rd8 {[%clk 0:01:06]} 51. Red1 {[%clk 0:00:26]}  Qf5 {[%clk 0:00:38]} 52. Rd5 {[%clk 0:00:24]}  Re5 {[%clk 0:00:22]} 53. R5d4 {[%clk 0:00:20]}  Kh7 {[%clk 0:00:22]} 54. a4 {[%clk 0:00:18]}  Qe6 {[%clk 0:00:24]} 55. Rd6 {[%clk 0:00:20]}  Qe7 {[%clk 0:00:28]} 56. Kg2 {[%clk 0:00:19]}  f5 {[%clk 0:00:31]} 57. R6d4 {[%clk 0:00:15]}  Re4 {[%clk 0:00:34]} 58. Rd5 {[%clk 0:00:19]}  Rxa4 {[%clk 0:00:34]} 59. Rxf5 {[%clk 0:00:10]}  Rxd7 {[%clk 0:00:37]} 60. Qc2 {[%clk 0:00:08]}  Ra2 {[%clk 0:00:24]} 61. Qxa2 {[%clk 0:00:07]}  Rxd1 {[%clk 0:00:27]} 62. Qc4 {[%clk 0:00:06]}  Rd2+ {[%clk 0:00:25]} 63. Kg1 {[%clk 0:00:09]}  e2 {[%clk 0:00:27]} 0-1